000 00673nam a2200217Ii 4500
003 JO-AjNU
008 230606s9999||||xx |||||||||||||| ||und||
020 _a0-13-088741-2
040 _aJO-AjNU
_beng
_erda
_cJO-AjNU
041 _aeng
050 1 4 _aQA76,73.M63U45.1994
100 3 _aUllmann,Juilan,
_eauthor
_9999
245 0 0 _aCompilling in Modula-2:Afirst introducation to classical recursive descent compiling
250 _a1 ed
264 3 1 _aNEW JERSEY:Pearson Eduction,1994
300 _a424p
336 _atext
_btxt
_2rdacontent
337 _aunmediated
_bn
_2rdamedia
338 _avolume
_bnc
_2rdacarrier
650 4 _aMODULA 2/Computer program language
_91000
999 _aE525
_c525
_d525